Ekonomika vzdelávania

Guardado en:
Detalles Bibliográficos
Autor principal: Dudová, Iveta
Autor Corporativo: Ekonomická univerzita v Bratislave. Národohospodárska fakulta
Formato: Libro
Lenguaje:eslovaco
Publicado: Bratislava Vydavateľstvo EKONÓM 2007
Materias:
Etiquetas: Agregar Etiqueta
Sin Etiquetas, Sea el primero en etiquetar este registro!

MARC

LEADER 00000nam$a2200000$$$4500
001 0057018
005 20240502071637.7
020 |a 978-80-225-2307-3 
041 0 |a slo 
044 |a SK 
245 1 0 |a Ekonomika vzdelávania  |c Iveta Dudová 
264 1 |a Bratislava  |b Vydavateľstvo EKONÓM  |c 2007 
300 |a 122 s. 
610 2 0 |a vzdelávanie 
610 2 0 |a kapitál ľudský 
610 2 0 |a kapitál sociálny 
610 2 0 |a investície 
610 2 0 |a školy 
610 2 0 |a učitelia 
610 2 0 |a technológie informačné 
610 2 0 |a technológie komunikačné 
610 2 0 |a návratnosť investícií 
610 2 0 |a Slovensko 
100 1 |a Dudová, Iveta 
710 2 |a Ekonomická univerzita v Bratislave. Národohospodárska fakulta